| 000 | 00652cab a22001935a 4500 | ||
|---|---|---|---|
| 001 | L153682 | ||
| 008 | 110816e20110813xxk 000 0 eng d | ||
| 035 | _a(Sirsi) u153682 | ||
| 041 | 0 | _aeng | |
| 100 | 1 | _aLegg, Jonathan | |
| 245 | 0 | 0 | _aSavings worth having |
| 260 | _c2011 | ||
| 490 |
_aEstates Gazette _v(1132) 13 August 2011, 51(1) |
||
| 520 | _aExamines the tax issues relating to conversion works irrespective of if planning permission is required. Includes whether new dwellings are zero rated for VAT and if the tax can be recovered. | ||
| 590 | _aKA | ||
| 651 | 4 |
_aUnited Kingdom _y |
|
| 690 | _aPROPERTY-PROPERTY TAXATION | ||
| 942 | _n0 | ||
| 999 |
_c83351 _d83351 |
||